Представление документа в формате RUSMARC

ПолеНазваниеЗначение
  Тип записи a
  Библиографический уровень m
001 Контрольный номер 908aed10943c40d4a7bc3eb36d7a6f63
005 Дата корректировки 20140609145510.6
010 Индекс ISBN __
a ISBN 5-7749-0387-7
200 Заглавие и сведения об ответственности 1_
a Заглавие Облигации
e Сведения, относящиеся к заглавию Теория и таблицы доходности
f Первые сведения об ответственности Е. М. Четыркин
210 Выходные данные 1_
a Место издания М.
c Издательство Дело
d Дата издания 2005
215 Физическое описание __
a Объем 255 с.
610 Ключевые слова 0_
a Ключевые слова облигации
610 Ключевые слова 0_
a Ключевые слова ценные бумаги
610 Ключевые слова 0_
a Ключевые слова оценивание облигаций
610 Ключевые слова 0_
a Ключевые слова доходность облигаций
610 Ключевые слова 0_
a Ключевые слова текущая доходность
610 Ключевые слова 0_
a Ключевые слова доходность к погашению
610 Ключевые слова 0_
a Ключевые слова дюрация
610 Ключевые слова 0_
a Ключевые слова портфель облигаций
686 Индексы других классификаций __
a Классификационный индекс 65.9(2)262.2
2 Код системы rubbk
700 Автор _1
a Фамилия Четыркин
b Имя Е. М.
g Полное личное имя Евгений Михайлович
801 Источник записи _0
a Страна RU
b Организация РУК
c Дата составления 20050531
g Правила каталогизации PSBO
801 Источник записи _1
a Страна RU
b Организация РУК
c Дата составления 20050531
g Правила каталогизации PSBO
852 Данные о местонахождении __
i Авторский знак Ч-54
j Шифр хранения ББК 65.9(2)26
901 Тип документа __
t Тип документа m
938 Служебная информация __
a Название организации Головной вуз
b Имя БД BOOK
c Название АИБС АИБС ИРБИС